Statistics for Pakistan International Airlines-Multan

Click here to take the quiz!

General Stats

  • This quiz has been taken 25 times
  • The average score is 6 of 6

Answer Stats

CountryAirport% Correct
PakistanIslamabad
100%
PakistanKarachi
100%
PakistanLahore
100%
Saudi ArabiaJeddah
94%
Saudi ArabiaMedina
94%
UAESharjah
81%

Score Distribution

Percentile by Number Answered

Percent of People with Each Score

Your Score History

You have not taken this quiz